00526pab a2200169 454500008004000000100001900040245010800059260000900167300001400176362001200190650002300202650002600225650002600251650001800277700002200295773003900317180718b2007 xxu||||| |||| 00| 0 eng d aKundu, Amitash aDynamics of labour market under globalisation: changing characteristics of informal employment in India c2007 ap.201-16. aApr-Jun aEmployment - India aGlobalization - India aLabour market - India aLabour market aSarangi, Niranjan aIndian Journal of Labour Economics